| 000 | 01981cam a22005054i 4500 | ||
|---|---|---|---|
| 003 | PE-LiUPU | ||
| 005 | 20250731180108.0 | ||
| 008 | 150623s1996 pe a r 000 0 spa d | ||
| 035 | _a(Sirsi) a20664 | ||
| 040 |
_aPE-LiUPU _bspa _cPE-LiUPU _erda |
||
| 082 | 0 | 4 |
_a519.5302 _bM66 |
| 100 | 1 |
_aMitacc Meza, Máximo, _eautor. |
|
| 245 | 1 | 0 |
_aTópicos de estadística descriptiva y probabilidad / _cMáximo Mitacc Meza. |
| 264 | 1 |
_aLima : _bThales, _c1996. |
|
| 300 |
_a527 páginas : _bilustraciones, cuadros, gráficos ; _c21 centímetros. |
||
| 336 |
_atext _2rdacontent |
||
| 337 |
_aunmediated _2rdamedia |
||
| 338 |
_avolume _2rdacarrier |
||
| 500 | _aOtra edición : [1989]. | ||
| 505 | 0 | _aLa estadística y etapas del método estadístico. -Medidas de tendencia central y de dispersión de variables cuantitativas. -Variable estadística bidimensional. -Análisis combinatorio. -Probabilidades. -Variables aleatorias y medidas de posición y dispersion de variables aleatorias. -variables aleatorias bidimensionales. -Modelos de distribución discreta. -Modelos de distribución contínua. | |
| 526 | _aSEG44 | ||
| 526 | _aSEG26 | ||
| 526 | _aP159 | ||
| 526 | _aP155 | ||
| 526 | _aP154 | ||
| 526 | _aP153 | ||
| 526 | _aP150 | ||
| 526 | _aP100 | ||
| 526 | _aP31 | ||
| 526 | _aP30 | ||
| 526 | _aP26 | ||
| 526 | _aP25 | ||
| 526 | _aP24 | ||
| 526 | _aP22 | ||
| 526 | _aP15 | ||
| 526 | _aP10 | ||
| 650 | 1 | 4 |
_aEstadística descriptiva. _xProblemas, ejercicios, etc. _94133 |
| 650 | 0 | 4 |
_aPROBABILIDADES _xINTRODUCCIONes. |
| 942 |
_2ddc _cBK |
||
| 949 |
_a519.5302 M66 _wDEWEY _c1 _i32784 _lCCODEBUL1 _mBUL _p00.00 _r0 _sY _tBOOK _u2015-06-24 _xBIBLIOTECA _zUNKNOWN _0COMPRA _o.STAFF. Colección General |
||
| 949 |
_a519.530 2 M66 _wDEWEY _c2 _i44172 _lCCODEBUL1 _mBUL _p00.00 _r0 _sY _tBOOK _u2015-06-24 _xINGENIERIA _zUNKNOWN _0COMPRA _o.STAFF. Colección General |
||
| 999 |
_c21047 _d21047 |
||
| 980 |
_81 _gALBERTO SANCHEZ Responsable de Automatización |
||